LEADER 01399nam--2200445---450- 001 990000700730203316 005 20160520122851.0 010 $a88-324-9599-6 035 $a0070073 035 $aUSA010070073 035 $a(ALEPH)000070073USA01 035 $a0070073 100 $a20011022d1989----km-y0itay0103----ba 101 $aita 102 $aIT 105 $a||||||||001yy 200 1 $aCodice dell'imposta di bollo$ecommentato con ampie note di biliografia e prassi amministrativa$fCalogero Vinci e Mario Gagliardi 210 $aMilano$cPirola$d1989 215 $aIX, 500 p.$d17 cm 410 $12001 606 0 $aBollo$xLegislazione 676 $a343.45057 702 1$aVINCI,$bCalogero 702 1$aGAGLIARDI,$bMario 710 01$aITALIA$0423419 801 0$aIT$bsalbc$gISBD 912 $a990000700730203316 951 $aXXIV.5.A. 57 (CODEX 354)$b66981 EC$cXXIV.5.A. 57 (CODEX)$d00250166 959 $aBK 969 $aGIU 979 $aPATTY$b90$c20011022$lUSA01$h1657 979 $aPATTY$b90$c20011022$lUSA01$h1657 979 $c20020403$lUSA01$h1719 979 $aPATRY$b90$c20040406$lUSA01$h1648 979 $aPATRY$b90$c20061017$lUSA01$h1724 979 $aRSIAV3$b90$c20090903$lUSA01$h1607 979 $aRSIAV4$b90$c20101214$lUSA01$h1027 979 $aANNASEN$b90$c20160520$lUSA01$h1228 996 $aCodice dell'imposta di bollo$9961678 997 $aUNISA LEADER 01190nas 22003971- 450 001 9910139539703321 005 20260218110343.0 011 $a2698-4563 035 $a(CKB)958480187938 035 $a(CONSER)---45041014- 035 $a(DE-599)ZDB2079365-0 035 $a(DE-599)2079365-0 035 $a(EXLCZ)99958480187938 100 $a20760712a18899999 --- b 101 0 $ager 181 $ctxt$2rdacontent 182 $cc$2rdamedia 183 $acr$2rdacarrier 200 00$aAllgemeine Vermessungs-Nachrichten 210 $aBerlin-Wilmersdorf [etc.]$c[H. Wichmann]$d1889- 215 $a1 online resource 311 08$aPrint version: Allgemeine Vermessungs-Nachrichten. (DLC) 45041014 (OCoLC)2444532 0002-5968 531 0 $aAVN, Allg. Vermess.-Nachr. 606 $aSurveying$vPeriodicals 606 $aSurveying$2fast$3(OCoLC)fst01139579 606 $aVermessung$2swd 608 $aPeriodicals.$2fast 615 0$aSurveying 615 7$aSurveying. 615 07$aVermessung. 676 $a526.905 906 $aJOURNAL 912 $a9910139539703321 920 $aexl_impl conversion 996 $aAllgemeine Vermessungs-Nachrichten$92053835 997 $aUNINA